000 01008nam a22002537a 4500
005 20170123164148.0
010 _aB-124703
020 _a8180590267
_c120.00
035 _aB-124703
037 _bCen Lib/Ret
040 _aDPL
_bPN
082 _a
_bਸੇਠੀਸ
100 _aਸੇਠੀ, ਸਤ੍ਵੇੰਦ੍ਰ ਕੌਰ
_946856
245 _aਮਸਲਾ-ਦਰ-ਮਸਲਾ /
_cਸਤ੍ਵੇੰਦ੍ਰ ਕੌਰ ਸੇਠੀ
246 _aMasla-dar-masla /
_bby Satvendra Kaur Sethy
260 _aਦਿੱਲੀ
_bਸ਼੍ਰੀ ਪ੍ਰਕਾਸ਼ਨ
_c2005
270 _aਵਿਦਜੁਤ ਅਪਾਰਟਮੇੰਟ, ਏਦਰਪ੍ਸਥ ਏਕਸ਼ਟਸ਼ਨ
_bਦਿੱਲੀ
_e110032
300 _a104p ;
_c20cm
650 _aਪੰਜਾਬੀ ਕਹਾਣੀਆ
_9123624
650 _aਸਾਹਿਤ -- ਪੰਜਾਬੀ
_9123625
650 _aPunjabi - literature
_9781
650 _aPunjabi -- story
_9123626
942 _2ddc
_cPN
_h
_mਸੇਠੀਸ
999 _c110137
_d110137